000 00448nmm a2200157Ia 4500
008 251105s9999||||xx |||||||||||||||||und||
020 _a9788468744216
041 _aspa
100 _aRadley, Tessa
245 0 _aAromas de seducción
264 _a[Madrid, España] :
_bHarlequin,
_c[Fecha de publicación no identificada]
300 _a0 páginas
650 _aRomance
856 _uhttps://public.digitaliapublishing.com/a/92761
942 _cCF
999 _c84127
_d84127